चकाचौधं (Record no. 147951)

MARC details
000 -LEADER
fixed length control field 00451nam a2200145Ia 4500
008 - FIXED-LENGTH DATA ELEMENTS--GENERAL INFORMATION
fixed length control field 230917s9999||||xx |||||||||||||| ||und||
040 ## - CATALOGING SOURCE
-- 175872
Original cataloging agency VIVEKANANDA LIBRARY
041 ## - Language
-- English
082 ## - DDC NUMBER
Classification number 891.491503741 DR536C
100 ## - MAIN ENTRY--PERSONAL NAME
Personal name धनखड़, राजबीर सिंह
245 #0 - TITLE STATEMENT
Title चकाचौधं
260 ## - PUBLICATION, DISTRIBUTION, ETC. (IMPRINT)
Place of publication, distribution, etc दिल्ली
Name of publisher, distributor, etc निर्मल पब्लिकेशन्स्
Date of publication, distribution, etc 2007
300 ## - PHYSICAL DESCRIPTION
Pages 152 पृ. p.
942 ## - ADDED ENTRY ELEMENTS (KOHA)
Koha item type Hindi Books
Holdings
Withdrawn status Lost status Damaged status Not for loan Location (home branch) Sublocation or collection (holding branch) Date acquired Koha issues (times borrowed) Koha full call number Accession No. Koha date last seen Koha item type
        VIVEKANANDA LIBRARY VIVEKANANDA LIBRARY 30/12/2010   891.491503741 DR536C 263538 17/09/2023 Hindi Books
        VIVEKANANDA LIBRARY VIVEKANANDA LIBRARY 30/12/2010   891.491503741 DR536C 335348 17/09/2023 Hindi Books
        VIVEKANANDA LIBRARY VIVEKANANDA LIBRARY 30/12/2010   891.491503741 DR536C 335349 17/09/2023 Hindi Books
© Designed and Maintained by Vivekananda Library, MDU Rohtak